Filmographie Emma Stone - Statistiques

Statistiques générales
  • Ce quiz a été pris 74 fois
  • Le résultat moyen est 6 sur 28
Statistiques - réponses
Date Film % Correct
2016 La La Land
92%
2023 Pauvres Créatures
58%
2012 The Amazing Spider-Man
58%
2021 Cruella
44%
2011 Crazy, Stupid, Love
41%
2010 Easy Girl
39%
2018 La Favorite
32%
2014 Birdman
26%
2011 La Couleur des sentiments
26%
2014 The Amazing Spider-Man : Le Destin d'un héros
26%
2009 Bienvenue à Zombieland
24%
2019 Retour à Zombieland
21%
2007 SuperGrave
18%
2017 Battle of the Sexes
17%
2013 Gangster Squad
15%
2014 Magic in the Moonlight
12%
2008 Super blonde
12%
2011 Sexe entre amis
11%
2015 L'Homme irrationnel
9%
2009 Hanté par ses ex
6%
2013 Les Croods
6%
2015 Welcome Back
5%
2013 My Movie Project
3%
2009 Paper Man
3%
2008 The Rocker
3%
2020 Les Croods 2 : Une nouvelle ère
2%
2010 Marmaduke
2%
2016 Popstar : Célèbre à tout prix
0%
Aucun quiz correspondant
Distribution des résultats
% des personnes avec chaque résultat
Percentile par nombre de réponses
Votre historique - résultats
Vous n’avez pas pris ce quiz